000 00282nam a22001337a 4500
008 171101b xxu||||| |||| 00| 0 eng d
020 _a9780538691468
041 _aeng
080 _24 ED
_a33
100 _a59
101 _aBUS
245 _aBUSINESS
_cDLABAY.E
942 _2udc
_cBK
999 _c36958
_d36958